=LDR 00000nam 2200000 4500 =001 INLIS000000000048548 =005 20161121144736.0 =006 =007 =008 =035 ##$$0010-111600000000127 =040 ##$$a ind =082 ##$$a 370.11 =090 ##$$a 379.11 har.s1 =100 ##$$a siswojo hardjodipuro =245 ##$$a system planning =260 ##$$a erlangga jakarta.$cbpk gunung mulia =300 ##$$a 122 $b17cm$cilus =850 ##$$a BPAP =990 ##$$a 00091664 =990 ##$$a 0001/BPAP-NTB/2016